| 000 | 01059nas a2200325 i 4500 | ||
|---|---|---|---|
| 001 | 10 | ||
| 003 | ES-MaACL | ||
| 005 | 20250814224214.0 | ||
| 007 | t| | ||
| 008 | 950801c1859 sp a| | 1 |spa d | ||
| 080 | _a(460) | ||
| 080 | _a3 | ||
| 080 | _a06 | ||
| 080 | _a058 | ||
| 110 | 2 |
_aReal Academia de Ciencias Morales y Políticas (España) _9222050 |
|
| 245 | 1 | 0 |
_aReal Academia de Ciencias Morales y Políticas : _b[anuario]. |
| 246 | 3 | _aAnuario de la Real Academia de Ciencias Morales y Políticas | |
| 246 | 3 | _aAnuario de la Academia de Ciencias Morales y Políticas | |
| 260 |
_aMadrid : _bReal Academia de Ciencias Morales y Políticas, _c1859- |
||
| 300 |
_a44 v. ; _c11, 14, 15 y 16 cm. |
||
| 310 | _aAnual | ||
| 362 | 0 | _a1859- | |
| 650 | 7 |
_aCiencias sociales _2embne _910988 |
|
| 650 | 4 |
_aInstituciones científicas y diversas _913829 |
|
| 655 | 7 |
_2tgfbne _9226822 _aAnuarios |
|
| 852 | 4 |
_aES-MaACL _jHem-861 |
|
| 866 | 0 | _o1884,1886-93,1896-1901,1903-04,1906-21,1924-26,1929,1933-36,1945-46. | |
| 942 | _2udc | ||
| 999 |
_c10 _d10 |
||